00365nam a2200157Ia 45000010006000000050017000060080041000230410008000640820016000721000033000882450033001212600009001543000028001636500008001916540008001991769520260306171536.0260306s9999||||xx |||||||||||||| ||und|| aESP a658.15bG24 aGarcía Olalla, MyriameAUT 0aManual del asesor financiero c2014 a596 páginas :c26 cm. aGEN aCAN